000 00317nam a2200133Ia 4500
005 20260326235439.0
008 260326s9999||||xx |||||||||||||| ||und||
100 _aPessoa, José
245 0 _aModerno e Nacional /
_cJosé Pessoa
260 _bEduff
300 _a221 p.
650 _aARQUITECTURA-GENERAL
942 _cBK
999 _c7354
_d7354